Statistics for Independence referendums

Click here to take the quiz!

General Stats

  • This quiz has been taken 831 times
  • The average score is 14 of 26

Answer Stats

HintAnswer% Correct
2011South Sudan
91%
2017Catalonia
87%
1999East Timor
86%
2006Montenegro
85%
1993Eritrea
83%
2017Puerto Rico
82%
1995Quebec
78%
1905Norway
75%
2017Iraqi Kurdistan
74%
1990Slovenia
74%
1998Nevis
69%
1976Guam
63%
1918Iceland
61%
1977Aruba
53%
1946Faroe Islands
51%
1961Samoa
50%
1962Algeria
49%
2018New Caledonia
46%
2019Bougainville
42%
1993U.S. Virgin Islands
35%
1933Western Australia
14%
2022Chuuk
12%
1974Comoros
11%
1846Liberia
9%
2014Sint Eustatius
9%
1853Maryland
3%

Score Distribution

Percentile by Number Answered

Percent of People with Each Score

Your Score History

You have not taken this quiz